| 000 | 01121nam a22002411a 4500 | ||
|---|---|---|---|
| 999 |
_c18600 _d18600 |
||
| 001 | 18600 | ||
| 003 | OSt | ||
| 005 | 20260204212413.0 | ||
| 008 | 180322s2018||||dr ||||||b||||||||||spa|| | ||
| 090 | _aINF 2018 G89 | ||
| 100 | 1 |
_aGuzmán Luciano,José Antonio _esustentante |
|
| 245 | 1 | _aDesarrollo de un sitio web interactivo de entretenimiento, publicidad y servicios/,José Antonio Guzmán Luciano, Edwin Antonio Arias De La Cruz y José Miguel Villafaña Tejada ; asesor Jenniffer K. Disla, MGI | |
| 260 |
_aCotuí, República Dominicana : _bUTECO, _c2018 |
||
| 300 | _a150 hojas | ||
| 502 | _aTrabajo de grado (Licenciatura en informática)--Universidad Tecnológica del Cibao Oriental, 2018. | ||
| 504 | _aincluye referencia bibliográfica e índice | ||
| 650 | 4 | _aDesarrollo de un sitio web interactivo de entretenimiento | |
| 700 | 1 |
_aArias De La Cruz, Edwin Antonio _esustentante |
|
| 700 | 1 |
_aVillafaña Tejada, José Miguel _esustentante |
|
| 700 | 1 |
_aDisla, Jenniffer K. _easesor |
|
| 830 | _aTesis y disertaciones académicas (Universidad Tecnológica del Cibao Oriental) | ||
| 942 |
_2LC _cTH |
||